LEADER 00937nam0-22003131i-450- 001 990003831940403321 005 20130508160256.0 035 $a000383194 035 $aFED01000383194 035 $a(Aleph)000383194FED01 035 $a000383194 100 $a20030910d1974----km-y0itay50------ba 101 0 $aita 200 1 $aIstruzioni per la rilevazione statistica delle opere pubbliche$fIstituto centrale di statistica 210 $aRoma$cIstat$d1974 215 $a25 p.$d23 cm$eallegati 225 1 $aMetodi e norme$fIstat$v15 225 1 $aSerie B 610 0 $aOpere pubbliche$aItalia$astatistica - metodo 676 $a338.4769 710 02$aIstat$0374421 801 0$aIT$bUNINA$gRICA$2UNIMARC 901 $aBK 912 $a990003831940403321 952 $a62 31(083.4)MN(B)/15$fDAGEA 959 $aMAS 959 $aDAGEA 996 $aIstruzioni per la rilevazione statistica delle opere pubbliche$9508104 997 $aUNINA LEADER 01353nam--2200409---450- 001 990003507790203316 005 20110303122831.0 010 $a978-88-6542-006-5 035 $a000350779 035 $aUSA01000350779 035 $a(ALEPH)000350779USA01 035 $a000350779 100 $a20110303d2010----km-y0itay50------ba 101 2 $aita$clat 102 $aIT 105 $aa---||||001yy 200 1 $a<>infelicitą dei letterati$fPierio Valeriano$gintroduzione, commento e cura di Bruno Basile$gtraduzione di Aniello Di Mauro 210 $aNapoli$cLa scuola di Pitagora$d2010 215 $a235 p.$c1 ritratto$d21 cm 225 2 $aUmanesimo e Rinascimento$v3 300 $aTesto originale a fronte 410 0$12001$aUmanesimo e Rinascimento$v3 454 0$12001$aDe litteratorum infelicitate$937166 676 $a945.63207 700 1$aVALERIANO BOLZANI,$bGiovan Pierio$f<1477-1558>$0290342 702 1$aBASILE,$bBruno 702 1$aDI MAURO,$bAniello 801 0$aIT$bsalbc$gISBD 912 $a990003507790203316 951 $aV.5.A. 85$b230476 L.M.$cV.5.A.$d00165272 959 $aBK 969 $aUMA 979 $aPASSARO$b90$c20110303$lUSA01$h1041 979 $aPASSARO$b90$c20110303$lUSA01$h1219 979 $aPASSARO$b90$c20110303$lUSA01$h1228 996 $aDe litteratorum infelicitate$937166 997 $aUNISA